|
|
|
|
| LEADER |
00000nab a2200000uu 4500 |
| 001 |
vtls011540234 |
| 003 |
SK-MaSNL |
| 005 |
20260305000425.0 |
| 008 |
230218|2013 xo |||||||||||||||||slo| |
| 015 |
|
|
|a SNBRB
|
| 035 |
|
|
|a (urnnbn)urn:nbn:sk:snk:ar-a09qzw
|
| 035 |
|
|
|a (uuid)ff6f6b5a-7d11-4533-a35e-d2ab020b8916
|
| 035 |
|
|
|a urn:nbn:sk:snk-abeyis
|
| 040 |
|
|
|a SNKBUCL
|b slo
|c SNKBUCL
|e AACR2
|
| 041 |
0 |
|
|a slo
|
| 044 |
|
|
|a xo
|c SK
|
| 100 |
1 |
|
|a Szőköl, István,
|d 1981-
|4 aut
|9 231252
|
| 245 |
1 |
0 |
|a Funkcie a dimenzie pedagogického hodnotenia
|c István Szőköl, Kinga Horváthová
|
| 700 |
1 |
|
|a Horváth, Kinga
|c (pedagogička)
|4 aut
|9 19633
|
| 773 |
0 |
|
|t Eruditio - Educatio : a Selye János Egyetem Tanárképző Karának tudományos folyóirata
|g Roč. 8, č. 2 (2013), s. [71]-83
|
| 954 |
|
|
|a odborná, vedecká literatúra pôvodná (slovenská)
|2 lita
|
| 958 |
|
|
|a OND
|
| 958 |
|
|
|a EUIPO
|
| 958 |
|
|
|a article22
|
| 999 |
|
|
|c 3213618
|d 3215548
|